| 000 | 00769nam a2200229Ii 4500 | ||
|---|---|---|---|
| 003 | JO-AjNU | ||
| 008 | 230605s9999||||xx |||||||||||||| ||und|| | ||
| 017 | _a2013/12/4232 | ||
| 020 | _a978-9957-16-155-2 | ||
| 040 |
_aJO-AjNU _bara _erda _cJO-AjNU |
||
| 041 | _aara | ||
| 050 | 1 | 4 | _aK2300.S52.2014 |
| 100 | 3 |
_a الشيخلي، عبد القادر , _eauthor _950723 |
|
| 245 | 0 | 0 | _aالحكم القضائي من النظرية إلى التطبيق |
| 250 | _aط1 | ||
| 264 | 3 | 1 | _aعمان : دار الثقافة ، 2014 |
| 300 | _a352ص | ||
| 336 |
_atext _btxt _2rdacontent |
||
| 337 |
_aunmediated _bn _2rdamedia |
||
| 338 |
_avolume _bnc _2rdacarrier |
||
| 650 | 4 |
_aالقضاء -- الإسلام -- الفقة الإسلامي -- القانون _950724 |
|
| 999 |
_aA22361 _c25929 _d25929 |
||